| 000 | 00576nam a2200181Ia 4500 | ||
|---|---|---|---|
| 999 |
_c9048 _d9048 |
||
| 003 | OSt | ||
| 005 | 20201012100608.0 | ||
| 008 | 190216s9999||||xx |||||||||||||| ||und|| | ||
| 020 | _a9780074637425 | ||
| 040 | _coclc | ||
| 082 |
_a658.840285 _bMIN/W |
||
| 100 |
_aMinoli, Daniel _95560 |
||
| 245 | 0 |
_aWeb Commerce Technology Handbook / _cDaniel Minoli ; Emma Minoli |
|
| 260 |
_bTata Mcgraw-Hill Education Private Limited, _c2010. _aNew Delhi: |
||
| 300 | _a621p | ||
| 650 | _aComputer Science | ||
| 942 |
_cBK _2ddc _h658.840285 _iMIN/W _k658.840285 _mMIN/W |
||